00358nam a22001337a 450000500170000000800410001708200190005824500250007726000580010230000210016065000170018165000130019865000130021120240610061444.0240610b |||||||| |||| 00| 0 eng d 222a323.4bTHE aThe Value of Dissent aColombobThe Civil Rights Movement of Sri Lankac1992 av, 20 p ., (C 2) aCivil Rights aEconomic aCultural